000 003170000a22001450004500
003 MACL
040 _aMACL
090 _c6762
_d6761
100 _aMujtabai, Fathullah
245 _aAspects Of Hindu Muslim Cultural Relations
260 _bN B B
_c1978
350 _a50
650 _aSocial Science
942 _cBOOK
_k300
999 _c6714
_d6714